Welcome to CU Library Online Public Access Catalogue (OPAC)

Advertising and promotion : (Record no. 4636)

MARC details
000 -LEADER
fixed length control field 00852cam a2200253 a 4500
001 - CONTROL NUMBER
control field 12008276
005 - DATE AND TIME OF LATEST TRANSACTION
control field 20250310113659.0
008 - FIXED-LENGTH DATA ELEMENTS--GENERAL INFORMATION
fixed length control field 000515s2001 maua b 001 0 eng
020 ## - INTERNATIONAL STANDARD BOOK NUMBER
International Standard Book Number 0072314451
020 ## - INTERNATIONAL STANDARD BOOK NUMBER
International Standard Book Number 9780072314458
050 00 - LIBRARY OF CONGRESS CALL NUMBER
Classification number HF5823
Item number .B387 2001
082 00 - DEWEY DECIMAL CLASSIFICATION NUMBER
Classification number 659.1
Edition information 21
100 1# - MAIN ENTRY--PERSONAL NAME
Personal name Belch, George E.
Fuller form of name (George Edward),
Dates associated with a name 1951-
245 10 - TITLE STATEMENT
Title Advertising and promotion :
Remainder of title an integrated marketing communications perspective /
Statement of responsibility, etc. George E. Belch & Michael A. Belch.
250 ## - EDITION STATEMENT
Edition statement 5th ed.
260 ## - PUBLICATION, DISTRIBUTION, ETC.
Place of publication, distribution, etc. Boston, Mass. :
Name of publisher, distributor, etc. Irwin/McGraw-Hill
Date of publication, distribution, etc. 2001.
300 ## - PHYSICAL DESCRIPTION
Extent xx, 795, GL13, EN22, CR3, IN19 p. :
Dimensions ol. ill. ;
-- 29 cm.
440 #0 - SERIES STATEMENT/ADDED ENTRY--TITLE
Title Irwin/McGraw-Hill series in marketing
650 #0 - SUBJECT ADDED ENTRY--TOPICAL TERM
Topical term or geographic name entry element Advertising.
650 #0 - SUBJECT ADDED ENTRY--TOPICAL TERM
Topical term or geographic name entry element Sales promotion.
650 #0 - SUBJECT ADDED ENTRY--TOPICAL TERM
Topical term or geographic name entry element Communication in marketing.
700 1# - ADDED ENTRY--PERSONAL NAME
Personal name Belch, Michael A.
942 ## - ADDED ENTRY ELEMENTS (KOHA)
Source of classification or shelving scheme Library of Congress Classification
Koha item type Books
Edition 5th Ed.
Suppress in OPAC No
999 ## -
-- 4636
-- 4636
Holdings
Withdrawn status Lost status Source of classification or shelving scheme Damaged status Not for loan Collection Home library Current library Shelving location Date acquired Total checkouts Full call number Barcode Date last seen Copy number Price effective from Koha item type
    Library of Congress Classification     Non-fiction Business Library (Miotso) Business Library (Miotso) General stacks 03/10/2025   HF5823 .B387 2001 BSSM00001266 03/10/2025 1 03/10/2025 Books
    Library of Congress Classification     Non-fiction Business Library (Miotso) Business Library (Miotso) General stacks 03/10/2025   HF5823 .B387 2001 BSSM00001267 03/10/2025 2 03/10/2025 Books
    Library of Congress Classification     Non-fiction Business Library (Miotso) Business Library (Miotso) General stacks 03/10/2025   HF5823 .B387 2001 BSSM00001268 03/10/2025 3 03/10/2025 Books
    Library of Congress Classification       Graduate Library (Christ Temple) Graduate Library (Christ Temple) General stacks 03/05/2026   HF 5823 BEL gsct00003050 03/05/2026   03/05/2026 Books
    Library of Congress Classification       Graduate Library (Christ Temple) Graduate Library (Christ Temple) General stacks 03/05/2026   HF 5823 BEL gsct00003051 03/05/2026   03/05/2026 Books
    Library of Congress Classification       Graduate Library (Christ Temple) Graduate Library (Christ Temple) General stacks 03/05/2026   HF 5823 BEL gsct00003052 03/05/2026   03/05/2026 Books
    Library of Congress Classification       Graduate Library (Christ Temple) Graduate Library (Christ Temple) General stacks 03/05/2026   HF 5823 BEL gsct00003053 03/05/2026   03/05/2026 Books
    Library of Congress Classification       Graduate Library (Christ Temple) Graduate Library (Christ Temple) General stacks 03/05/2026   HF 5823 BEL gsct00003054 03/05/2026   03/05/2026 Books
    Library of Congress Classification       Graduate Library (Christ Temple) Graduate Library (Christ Temple) General stacks 03/05/2026   HF 5823 BEL gsct00003055 03/05/2026   03/05/2026 Books
    Library of Congress Classification       Graduate Library (Christ Temple) Graduate Library (Christ Temple) General stacks 03/05/2026   HF 5823 BEL gsct00003056 03/05/2026   03/05/2026 Books
    Library of Congress Classification       Graduate Library (Christ Temple) Graduate Library (Christ Temple) General stacks 03/05/2026   HF 5823 BEL gsct00003057 03/05/2026   03/05/2026 Books
    Library of Congress Classification       Graduate Library (Christ Temple) Graduate Library (Christ Temple) General stacks 03/05/2026   HF 5823 BEL gsct00003058 03/05/2026   03/05/2026 Books
    Library of Congress Classification       Graduate Library (Christ Temple) Graduate Library (Christ Temple) General stacks 03/05/2026   HF 5823 BEL gsct00003059 03/05/2026   03/05/2026 Books
    Library of Congress Classification       Graduate Library (Christ Temple) Graduate Library (Christ Temple) General stacks 03/05/2026   HF 5823 BEL gsct00003060 03/05/2026   03/05/2026 Books
© 2023-2024 Copyright: Central University Libraries. All Rights Reserved | Created by: Mahone Tech Office